000 00850cab a2200253 4500
001 ABS47733
008 090401t1992 xxu||||| |||| 00| 0 eng d
035 _a(Sirsi) u63283
041 _aeng
100 _aGraham, T.
245 _aPrematurity and section 54A
260 _c1992
350 _a0
490 _aConveyancer & Property Lawyer
_vNovember-December 1992, 416-424(9)
520 _aIn the light of the emphasis on development plans, this article looks at the question of prematurity, i.e. when an application may affect an emerging development plan.
650 _aDEVELOPMENT PLANS
650 _aPLANNING APPLICATIONS
650 _aPPG1
650 _aTOWN AND COUNTRY PLANNING ACT 1990 S54A
650 _aTOWN AND COUNTRY PLANNING ACT 1990 S70(2)
690 _aPLANNING LAW AND PRACTICE
942 _n0
948 _c04/03/1997
999 _c39353
_d39353